Statistics for Teammates of Michael Jordan

Click here to take the quiz!

General Stats

  • This quiz has been taken 466 times
  • The average score is 8 of 14

Answer Stats

Win Shares Position Years Teammate % Correct
88.3SF1987–1993, 1995–1998Scottie Pippen
100%
20.0PF1995–1998Dennis Rodman
97%
25.5PG1995–1998Steve Kerr
90%
52.1PF1987–1993Horace Grant
81%
34.0PF1995–1998Toni Kukoč
78%
26.0PG1987–1993, 1995B.J. Armstrong
61%
11.8C1995–1998Luc Longley
60%
32.8PG1985–1993John Paxson
59%
21.6PG1995–1998Ron Harper
55%
14.5C1988–1993Bill Cartwright
53%
14.4PF1985–1988Charles Oakley
40%
12.4C1987–1993, 1995Will Perdue
21%
14.6SF1984–1986Orlando Woolridge
9%
16.3C1984–1989Dave Corzine
7%

Score Distribution

Percentile by Number Answered

Percent of People with Each Score

Your Score History

You have not taken this quiz